แสดงรายละเอียดบรรณานุกรม
  กลับหน้าหลัก

Brief Record : Get Marc (ISO 2709) : E-mail record : QR code ปิดหน้าต่าง
LEADER 00000nam 2200000uu 4500
008    140708s2555||||th 000 0 tha d
041 0  ^atha^beng
090    ^aวพ WP870 พ239ผ 2555
100 0  ^aพรทิพย์ ปุกหุต
245 10 ^aรายงานวิทยานิพนธ์เรื่อง ผลของการสวดมนต์บำบัดต่อความวิตกกังวลและความผาสุกทางจิตวิญญาณในผู้ป่วยมะเร็งเต้านมระยะรับการรักษา /^cพรทิพย์ ปุกหุต
246 00 ^aThe effects of therapeutic prayer on anxiety and spiritualwell-being in breast cancer patients in diagnostic phase
260    ^aขอนแก่น : ^bมหาวิทยาลัยขอนแก่น,^c2555.
300    ^a104 แผ่น
502    ^aวิทยานิพนธ์ (พย.ม.)--สาขาวิชาการพยาบาลผู้ใหญ่ บัณฑิตวิทยาลัย มหาวิทยาลัยขอนแก่น, 2555
650  4 ^aเต้านม^xมะเร็ง^xผู้ป่วย
650  4 ^aความวิตกกังวล
650  4 ^aจิตวิญญาณ
650  0 ^aวิทยานิพนธ์
710 2  ^aมหาวิทยาลัยขอนแก่น. บัณฑิตวิทยาลัย สาขาวิชาการพยาบาลผู้ใหญ่
999    ^aใช้งานได้ทุกระบบ
รายการนี้ยังไม่มีแท็ก
คุณยังไม่ได้ล็อกอิน คุณสามารถมีกิจกรรมร่วมกับเว็บไซต์ได้ แต่ต้องล็อกอินก่อน ::
  ล็อกอิน
ลำดับที่ ประเภท เลขเรียก สถานที่ สถานะ
1. วิทยานิพนธ์
วิทยานิพนธ์
วพ WP870 พ239ผ 2555  
  
ชั้นหนังสือวิทยานิพนธ์ On Shelf
  ขอยืม
   [แสดง 1/1 รายการ]

รายการใกล้เคียง
    หัวเรื่อง [ความวิตกกังวล]
    หัวเรื่อง [จิตวิญญาณ]
    หัวเรื่อง [วิทยานิพนธ์]

BibComment


ยังไม่เคยถูกคอมเมนท์

คอมเมนท์ทรัพยากรรายการนี้
  คอมเมนท์: รายงานวิทยานิพนธ..
Bib 210025

 
 
 

 Union Library Management : ULibM
Copyright 2026. All Rights Reserved.
скачать бесплатно без регистрации порно красивый секс HD Sex Hindi sex

xxx gou

xxxx

bfxxx

xxxwww

Секса Видео

xxxx

Секса Видео

detube

geilexxx

C99 Shell

worms shell

blod xxx video
Ebony Coed Rihanna Rimes Takes A Dick In Her Young Twat priyaa indian fuck anal and pusssy hardcore indian women xxx desi hardcore fucking part 1 bengalixxxcouple